| 000 | 00514nam a22001337a 4500 | ||
|---|---|---|---|
| 008 | 230518b |||||||| |||| 00| 0 eng d | ||
| 040 |
_aNational Science Library _cNational Science Library |
||
| 080 |
_a576.3(082.2) _bL2 |
||
| 245 |
_aCellular processes in growth, development and differentiation _c/ Proceedings of a symposium held at Bhabha Atomic Research Centre 22-24 November, 1971 |
||
| 260 |
_aIndia: _bDepartment of Atomic Energy, _c1972 |
||
| 300 | _axi, 525p. | ||
| 650 | _aProceedings | ||
| 942 |
_2udc _cPR |
||
| 999 |
_c31754 _d31754 |
||